000
00304nam a2200145Ia 4500
999
_c
14320
_d
14320
003
OSt
005
20260326180753.0
008
260210s9999 xx 000 0 und d
020
_a
9789881566331
082
_a
728.314
100
_a
Li
245
0
_a
Mountain Resorts
260
_b
DMPL
942
_c
UG
_2
ddc